Online katalóg knižníc regiónu Turca

Do Tramtárie (Record no. 20047)

MARC details
000 -LEADER
fixed length control field 01838cam a2200529 a 4500
001 - CONTROL NUMBER
control field 20047
003 - CONTROL NUMBER IDENTIFIER
control field VRT
005 - DATE AND TIME OF LATEST TRANSACTION
control field 20260115110407.0
008 - FIXED-LENGTH DATA ELEMENTS--GENERAL INFORMATION
fixed length control field 240318s1970 xo a b 000 p slo
015 ## - NATIONAL BIBLIOGRAPHY NUMBER
National bibliography number SNBA1970/02-00517
020 ## - INTERNATIONAL STANDARD BOOK NUMBER
Qualifying information (viaz.)
035 ## - SYSTEM CONTROL NUMBER
System control number SK01SNK19700006149
035 ## - SYSTEM CONTROL NUMBER
System control number SKM000008612
039 #9 - LEVEL OF BIBLIOGRAPHIC CONTROL AND CODING DETAIL [OBSOLETE]
Level of rules in bibliographic description 202403181823
Level of effort used to assign nonsubject heading access points VLOAD
Level of effort used to assign subject headings 202311201340
Level of effort used to assign classification VLOAD
Level of effort used to assign subject headings 202205031019
Level of effort used to assign classification msvkbb04
Level of effort used to assign subject headings 202111090904
Level of effort used to assign classification AUTHORITY
040 ## - CATALOGING SOURCE
Original cataloging agency SNK
Language of cataloging slo
Transcribing agency SNK
Description conventions AACR2
041 0# - LANGUAGE CODE
Language code of text/sound track or separate title slo
044 ## - COUNTRY OF PUBLISHING/PRODUCING ENTITY CODE
MARC country code xo
ISO country code SK
072 #7 - SUBJECT CATEGORY CODE
Subject category code 821.162.4-1
Subject category code subdivision Slovenská poézia
Source konspekt
072 #7 - SUBJECT CATEGORY CODE
Subject category code 82-93
Subject category code subdivision Literatúra pre deti a mládež (beletria)
Source konspekt
080 ## - UNIVERSAL DECIMAL CLASSIFICATION NUMBER
Universal Decimal Classification number 821.162.4-1
Edition identifier 2011
080 ## - UNIVERSAL DECIMAL CLASSIFICATION NUMBER
Universal Decimal Classification number 82-93-053.4/.5
Edition identifier 2011
100 1# - MAIN ENTRY--PERSONAL NAME
Personal name Válek, Miroslav,
Dates associated with a name 1927-1991
Relationship aut
245 10 - TITLE STATEMENT
Title Do Tramtárie
Statement of responsibility, etc. Miroslav Válek ; [ilustroval Miroslav Cipár]
250 ## - EDITION STATEMENT
Edition statement Vyd. 1.
260 ## - PUBLICATION, DISTRIBUTION, ETC.
Place of publication, distribution, etc. Bratislava
Name of publisher, distributor, etc. Mladé letá
Date of publication, distribution, etc. 1970
300 ## - PHYSICAL DESCRIPTION
Extent 51, [4] s.
Dimensions 21 cm
366 ## - TRADE AVAILABILITY INFORMATION
Note 7000 výt.
490 1# - SERIES STATEMENT
Series statement Klub mladých čitateľov
655 #7 - INDEX TERM--GENRE/FORM
Genre/form data or focus term slovenská poézia
Source of term SNKPH
655 #7 - INDEX TERM--GENRE/FORM
Genre/form data or focus term literatúra pre deti
Source of term SNKPH
655 #7 - INDEX TERM--GENRE/FORM
Genre/form data or focus term Slovak poetry
Source of term SNKPHeng
655 #7 - INDEX TERM--GENRE/FORM
Genre/form data or focus term Children's literature
Source of term SNKPHeng
700 1# - ADDED ENTRY--PERSONAL NAME
Personal name Cipár, Miroslav,
Dates associated with a name 1935-2021
Relationship ill
830 #0 - SERIES ADDED ENTRY--UNIFORM TITLE
Uniform title Klub mladých čitateľov
910 ## - USER-OPTION DATA (OCLC)
User-option data snk
942 ## - ADDED ENTRY ELEMENTS (KOHA)
Source of classification or shelving scheme Dewey Decimal Classification
Koha item type Krásna literatúra pre deti
Suppress in OPAC No
949 ## - LOCAL PROCESSING INFORMATION (OCLC)
6 3830001060102
a kurukT18/VALE1-18
b kuruk2011/F6145
949 ## - LOCAL PROCESSING INFORMATION (OCLC)
6 270001000335773
a svkbbS 54876
b svkbbm 215076
949 ## - LOCAL PROCESSING INFORMATION (OCLC)
6 3870A10758
a binBIB 71/019
b bin10758
949 ## - LOCAL PROCESSING INFORMATION (OCLC)
6 4710703657
a strmkM
b strmk2008/3657
949 ## - LOCAL PROCESSING INFORMATION (OCLC)
6 4710704938
a strmkM
b strmk2008/4938
949 ## - LOCAL PROCESSING INFORMATION (OCLC)
6 4710704939
a strmkM
b strmk2008/4939
949 ## - LOCAL PROCESSING INFORMATION (OCLC)
a snkSD 36806
949 ## - LOCAL PROCESSING INFORMATION (OCLC)
6 17A1348198
a snkSD 36806 D1
b snkKSP 2313/70
949 ## - LOCAL PROCESSING INFORMATION (OCLC)
6 273K0006451
a svkpoA 93329
b svkpo213043
Holdings
Stav vyradenia Strata Poškodenie Spôsob nadobudnutia Domovská knižnica Aktuálna knižnica Dátum nadobudnutia Total checkouts Čiarový kód exemplára Date last seen Typ exemplára
      Dar Obecná knižnica Belá-Dulice Obecná knižnica Belá-Dulice 15.01.2026   4735903330 15.01.2026 Krásna literatúra pre deti
Projekt je podporený Slovenskou asociáciou knižníc
Prevádzkuje Turčianska knižnica Martin 2026